00281nam a2200121Ia 4500008004100000100001000041245002200051260004300073300000900116650001000125942000700135999001700142190216s9999||||xx |||||||||||||| ||und|| aV K N 0aAayyiravum Koppum bSahithya Pravarthaka Sahakarana Sangam a142p aNovel cBK c25572d25572